Historia de la conquista de Méjico/ (Record no. 101737)

MARC details
000 -LEADER
campo de control de longitud fija 01208nam a2200373 i 4500
001 - NÚMERO DE CONTROL
campo de control MOR01000102064
003 - IDENTIFICADOR DE NÚMERO DE CONTROL
campo de control $$amxcmmo
005 - FECHA Y HORA DE LA ÚLTIMA TRANSACCIÓN
campo de control 20260331230608.0
008 - DATOS DE LONGITUD FIJA--INFORMACIÓN GENERAL
campo de control de longitud fija 160224s1944 ag g i 000 0 spa d
035 ## - NÚMERO DE CONTROL DEL SISTEMA
Número de control de sistema 160946
040 ## - FUENTE DE CATALOGACIÓN
Centro catalogador/agencia de origen mxcmmo
Lengua de catalogación spa
Centro/agencia transcriptor mxcmmo
Normas de descripción rda
041 0# - CÓDIGO DE IDIOMA
Código de lengua del texto/banda sonora o título independiente spa
043 ## - CÓDIGO DE ÁREA GEOGRÁFICA
Código de área geográfica n-mx--
045 ## - PERIODO DE TIEMPO DEL CONTENIDO
Código de periodo de tiempo t1t2
082 04 - NÚMERO DE LA CLASIFICACIÓN DECIMAL DEWEY
Número de clasificación 972.02
Número de ítem SOL.h
100 1# - ENTRADA PRINCIPAL--NOMBRE DE PERSONA
Nombre de persona Solís y Rivadeneyra, Antonio de
Fechas asociadas al nombre 1610-1686
Término indicativo de función/relación autor
9 (RLIN) 12559
245 10 - MENCIÓN DEL TÍTULO
Título Historia de la conquista de Méjico/
Mención de responsabilidad, etc. Antonio de Solís y Rivadeneyra
264 #1 - PRODUCCIÓN, PUBLICACIÓN, DISTRIBUCIÓN, FABRICACIÓN Y COPYRIGHT
Producción, publicación, distribución, fabricación y copyright Buenos Aires, Argentina:
Nombre del de productor, editor, distribuidor, fabricante Emecé Editores,
Fecha de producción, publicación, distribución, fabricación o copyright [1944]
300 ## - DESCRIPCIÓN FÍSICA
Extensión 2 volúmenes;
Dimensiones 18 cm
336 ## - TIPO DE CONTENIDO
Término de tipo de contenido texto
Código de tipo de contenido txt
Fuente rdacontent
337 ## - TIPO DE MEDIO
Nombre/término del tipo de medio sin medio
Código del tipo de medio n
Fuente rdamedia
338 ## - TIPO DE SOPORTE
Nombre/término del tipo de soporte volumen
Código del tipo de soporte nc
Fuente rdacarrier
490 0# - MENCIÓN DE SERIE
Mención de serie Clásicos Emecé
561 0# - PROPIEDAD E HISTORIA DE CUSTODIA/NOTA DE PROCEDENCIA
Historial Fondo Gabriel Vargas
651 #7 - PUNTO DE ACCESO ADICIONAL DE MATERIA--NOMBRE GEOGRÁFICO
Nombre geográfico México
Subdivisión general Historia
Subdivisión cronológica Descubrimiento y conquista, 1517-1521
9 (RLIN) 1267
900 ## - ELEMENTOS DE DATOS A LOCAL, LDA (RLIN)
Nombre de persona CECY
Numeración 30
Títulos y otros términos asociados al nombre 20160620
Lenguaje de la obra MOR01
-- 1534
900 ## - ELEMENTOS DE DATOS A LOCAL, LDA (RLIN)
Nombre de persona CECY
Numeración 30
Títulos y otros términos asociados al nombre 20160620
Lenguaje de la obra MOR01
-- 1535
900 ## - ELEMENTOS DE DATOS A LOCAL, LDA (RLIN)
Nombre de persona CECY
Numeración 30
Títulos y otros términos asociados al nombre 20160620
Lenguaje de la obra MOR01
-- 1535
900 ## - ELEMENTOS DE DATOS A LOCAL, LDA (RLIN)
Nombre de persona KLASY
Numeración 30
Títulos y otros términos asociados al nombre 20161014
Lenguaje de la obra MOR01
-- 0923
900 ## - ELEMENTOS DE DATOS A LOCAL, LDA (RLIN)
Nombre de persona LUIS
Numeración 20
Títulos y otros términos asociados al nombre 20160224
Lenguaje de la obra MOR01
-- 1008
900 ## - ELEMENTOS DE DATOS A LOCAL, LDA (RLIN)
Nombre de persona LUIS
Numeración 20
Títulos y otros términos asociados al nombre 20160224
Lenguaje de la obra MOR01
-- 1008
904 ## - ELEMENTOS DE DATOS D LOCAL, LDD (RLIN)
a UPDATE
942 ## - ELEMENTOS DE ENTRADA SECUNDARIOS (KOHA)
Código de la institución [OBSOLETO] BK
901 ## - ELEMENTOS DE DATOS A LOCAL LDA (RLIN)
a batch batch
Holdings
Estatus retirado Estado de pérdida Fuente del sistema de clasificación o colocación Estado de daño No para préstamo Colección Biblioteca de origen Biblioteca actual Ubicación en estantería Fecha de adquisición Fuente de adquisición Enumeración/cronología de publicación seriada Número de inventario Total de préstamos Signatura topográfica completa Código de barras Visto por última vez Precio de reemplazo Tipo de ítem Koha
    Clasificación Decimal Dewey     Fondo Gabriel Vargas Biblioteca Nicolas Poussin Biblioteca Nicolas Poussin Regular 20/06/2016   t. 1 128717   (GV)/972.02 SOL.h 33068001350028 03/09/2024 03/09/2024 Libro préstamo regular
    Clasificación Decimal Dewey     Fondo Gabriel Vargas Biblioteca Nicolas Poussin Biblioteca Nicolas Poussin Regular 14/10/2016   t. 2 128718   (GV)/972.02 SOL.h 33068001351053 03/09/2024 03/09/2024 Libro préstamo regular